000 01312nam a22003137a 4500
005 20180803170338.0
008 161117b2010 ck ad|||r|||| 00| 0 spa d
020 _a9789589243749
040 _aCO-BoIAVH
_cCO-BoIAVH
041 0 _aspa
044 _ack
090 _aFG-
_b0084
245 0 3 _aLa actividad pesquera en el embalse de Prado /
_cLuis José García Melo [y otros 6]
260 _a[Ibagué?], Colombia :
_bIncoder :
_bUniversidad del Tolima,
_c2010.
300 _a28 páginas :
_bilustraciones y gráficas ;
_c21 x 16 cm.
504 _aIncluye referencias bibliográficas.
650 2 6 _aPiscicultura
_zEmbalse de prado (Tolima, Colombia)
650 2 6 _aPesca
_zEmbalse de prado (Tolima, Colombia)
650 2 6 _aProducción pesquera
_zEmbalse de prado (Tolima, Colombia)
650 2 6 _aRecursos pesqueros
_zEmbalse de prado (Tolima, Colombia)
700 1 _aGarcía Melo, Luis José
_etextos
700 1 _aPardo Pardo, Germán
_etextos
700 1 _aVilla Navarro, Francisco Antonio
_etextos
700 1 _aReinoso-Florez, Gladys
_etextos
700 1 _aGarcía Melo, Jorge Enrique
_etextos
700 1 _aBriñez Vásquez, Negover
_etextos
700 1 _aFlórez Delgado, Nancy Yaneth
_etextos
942 _2z
_cFolleto
999 _c19115
_d19115